Longest Serving G7 Leaders - Statistics

General Stats
  • This quiz has been taken 20 times
  • The average score is 16 of 20
Answer Stats
# Country Leader % Correct
16 Germany Angela Merkel
100%
8 United States Barack Obama
100%
8 United States George W. Bush
100%
9 Canada Justin Trudeau
100%
12 United Kingdom Margaret Thatcher
100%
8 Canada Pierre Trudeau
100%
9 Russia Vladimir Putin
95%
8 United States Ronald Reagan
89%
8 United States Bill Clinton
84%
8 France Emmanuel Macron
84%
11 United Kingdom Tony Blair
84%
14 France François Mitterrand
79%
9 Japan Shinzō Abe
79%
10 Italy Silvio Berlusconi
79%
12 France Jacques Chirac
74%
16 Germany Helmut Kohl
63%
10 Canada Stephen Harper
63%
8 Germany Helmut Schmidt
53%
10 Canada Jean Chrétien
37%
8 Canada Brian Mulroney
21%
No matching quizzes found
Score Distribution
Percent of People with Each Score
Percentile by Number Answered
Your Score History
You have not taken this quiz